| 000 | 00398nam a2200145Ia 4500 | ||
|---|---|---|---|
| 008 | 220217s9999||||xx |||||||||||||| ||und|| | ||
| 020 | _a9788177588347 | ||
| 082 | _a658.84 CHR | ||
| 100 | _aChristopher, Martin | ||
| 245 | 0 | _aLogistics and supply chain management | |
| 250 | _a2nd | ||
| 260 |
_aPearson education of asia _bNew Delhi _c2011 |
||
| 300 |
_a304p. _b495 |
||
| 650 | _aMANAGEMENT | ||
| 999 |
_c184029 _d184029 |
||